| 000 | nam a22 a 4500 | ||
|---|---|---|---|
| 999 |
_c191712 _d191712 |
||
| 003 | BLK | ||
| 005 | 20230324141545.0 | ||
| 008 | 180411b bul|||||r ||||||| ||bul|| | ||
| 010 | _aKNG00200874000 | ||
| 020 | _a954-03-0193-9 | ||
| 040 | _aBLK | ||
| 041 |
_aBUL _cBUL |
||
| 080 |
_aВодохранилища. Язовири. Съоръжения на водноелектрически централи (ВЕЦ). Вж и 621.311.2; 626.8; 628.1 _b627.8 _x(075.32) _z627.8(075.32) |
||
| 100 | 1 |
_aЩилиянов, Щилиян Атанасов _eпърви автор _9344715 |
|
| 139 |
_aЩилиянов, Щилиян Атанасов и др. _bЩ 41 |
||
| 245 | 1 | 0 |
_aВодни електрически централи и язовири _cЩилиян Атанасов Щилиянов; съавт. Мария С. Соколова; съавт. Божидар А. Божинов. |
| 250 | _a2. прераб. изд. | ||
| 257 | _aBGR | ||
| 260 |
_aСофия _bТехника _c1992 _fХасково : Полиграф |
||
| 300 |
_a316 с. _bс ил. _c21 см |
||
| 380 | _a62 | ||
| 500 | _a1. изд. 1979. | ||
| 650 | 4 |
_aВодноелектрически централи _9289924 |
|
| 650 | 4 |
_aЯзовири _9178056 |
|
| 700 | 1 |
_aСоколова, Мария С. _eсъавт. _9344555 |
|
| 700 | 1 |
_aБожинов, Божидар А. _eсъавт. _9384088 |
|
| 852 |
_aЦб 171300 _bЦб |
||
| 856 | 4 |
_qpdf _i0.00 _ldisable |
|
| 856 | 4 |
_qpdf _i0.00 _ldisable |
|
| 942 |
_cKNG _n0 _01 _s1 |
||
| 944 |
_aCR _c14.02.2017 _kПравда_Бадева |
||
| 944 |
_aED _c14.02.2017 _kПравда_Бадева |
||
| 999 | _d191712 | ||